[Event "2016 Banff Open"]
[Site "Banff"]
[Date "2016.11.12"]
[Round "4.6"]
[White "Tran-Ly, Tristan"]
[Black "Ali, Husain"]
[Result "0-1"]
[WhiteElo "2054"]
[BlackElo "1781"]
[PlyCount "102"]
[EventDate "2016.11.11"]
[EventType "swiss"]
[EventRounds "6"]
[EventCountry "CAN"]

1. b3 d5 2. Bb2 c5 3. e3 Nc6 4. Nf3 e6 5. Bb5 Bd7 6. O-O Nf6 7. Re1 Be7 8. Bf1
O-O 9. c4 Qc7 10. Nc3 Rfd8 11. a3 Na5 12. Rb1 Bc6 13. cxd5 Nxd5 14. b4 cxb4 15.
Nxd5 Bxd5 16. Be5 Bd6 17. Bxd6 Qxd6 18. axb4 Bxf3 19. Qxf3 Nc6 20. b5 Na5 21.
d4 b6 22. Qe4 Qd5 23. Qh4 h6 24. Bd3 Rab8 25. Be4 Qg5 26. Qxg5 hxg5 27. Rec1
Rbc8 28. Kf1 Kf8 29. Ke2 Ke7 30. Bf3 Kd7 31. d5 f5 32. dxe6+ Kxe6 33. h3 Rxc1
34. Rxc1 Rd7 35. Rc3 Kd6 36. Bc6 Rc7 37. Rd3+ Ke7 38. Ra3 Nxc6 39. bxc6 Kd6 40.
e4 fxe4 41. Rg3 Kxc6 42. Rxg5 Re7 43. g4 a5 44. Kd2 a4 45. Kc3 Rf7 46. Kb4 Rxf2
47. Kxa4 Kd6 48. Rb5 e3 49. Rxb6+ Ke5 50. Rb1 e2 51. Rb8 Kf4 0-1

[Event "2016 Banff Open"]
[Site "Banff"]
[Date "2016.11.12"]
[Round "4.7"]
[White "Dave, Bhavik"]
[Black "Wei, Daniel"]
[Result "1-0"]
[WhiteElo "1929"]
[BlackElo "1648"]
[PlyCount "49"]
[EventDate "2016.11.11"]
[EventType "swiss"]
[EventRounds "6"]
[EventCountry "CAN"]

1. d4 d5 2. c4 c6 3. Nc3 Nf6 4. Bg5 Nbd7 5. e3 e6 6. Nf3 Be7 7. Qc2 O-O 8. Bd3
dxc4 9. Bxc4 h6 10. Bh4 c5 11. O-O Qc7 12. Bg3 Qc6 13. Bb5 Qb6 14. a4 Bd6 15.
Ne5 Qc7 16. f4 a6 17. Bd3 b6 18. Rac1 Bb7 19. Rfd1 Rac8 20. Qe2 Qd8 21. Bxa6
Qc7 22. Bxb7 Qxb7 23. Nb5 Be7 24. Bh4 Qe4 25. Nxd7 1-0

[Event "2016 Banff Open"]
[Site "Banff"]
[Date "2016.11.13"]
[Round "5.1"]
[White "Malek, Omid"]
[Black "Kobalenko, Jerry"]
[Result "1/2-1/2"]
[WhiteElo "2177"]
[BlackElo "1927"]
[PlyCount "90"]
[EventDate "2016.11.11"]
[EventType "swiss"]
[EventRounds "6"]
[EventCountry "CAN"]

1. d4 Nf6 2. Bg5 g6 3. Bxf6 exf6 4. e3 f5 5. g3 Bg7 6. Bg2 d5 7. Ne2 b6 8. c4
c6 9. cxd5 cxd5 10. Nbc3 Bb7 11. Qb3 O-O 12. O-O Nc6 13. Qxd5 Qe7 14. Qb5 Na5
15. Bxb7 Qxb7 16. Qd5 Qe7 17. a3 Rfd8 18. Qg2 Nc4 19. b4 Rac8 20. Rfc1 a6 21.
h4 b5 22. Kh2 Bh6 23. a4 Rb8 24. axb5 axb5 25. Nd5 Qd6 26. Nec3 Nd2 27. Ra7 Kg7
28. Rca1 Rdc8 29. R1a6 Rc6 30. Rxc6 Qxc6 31. Rc7 Qe6 32. Rc5 Qa6 33. f4 Nb3 34.
Nc7 Qa3 35. Rxb5 Rxb5 36. N7xb5 Qxb4 37. d5 Nc5 38. Qd2 Kg8 39. d6 Nd7 40. Qg2
Bf8 41. e4 Bxd6 42. Nxd6 Qxd6 43. e5 Qc5 44. Nd5 Kg7 45. Qd2 h5 1/2-1/2

[Event "2016 Banff Open"]
[Site "Banff"]
[Date "2016.11.13"]
[Round "5.3"]
[White "Findlay, Ian"]
[Black "Haessel, Dale"]
[Result "1-0"]
[WhiteElo "2319"]
[BlackElo "2264"]
[PlyCount "59"]
[EventDate "2016.11.11"]
[EventType "swiss"]
[EventRounds "6"]
[EventCountry "CAN"]

1. e4 e5 2. Nf3 d6 3. d4 exd4 4. Nxd4 Nf6 5. Nc3 Be7 6. Be2 O-O 7. O-O c5 8.
Nf3 Nc6 9. Bg5 Be6 10. Qd2 h6 11. Bf4 d5 12. exd5 Nxd5 13. Nxd5 Qxd5 14. Qxd5
Bxd5 15. Rfd1 Rfd8 16. Bc7 Rd7 17. Bc4 Nb4 18. Ba5 Nxc2 19. Bxd5 Nxa1 20. Bxf7+
Kxf7 21. Rxd7 b6 22. Bc3 Rd8 23. Ne5+ Kg8 24. Rxd8+ Bxd8 25. Nc6 Bf6 26. Bxf6
gxf6 27. Nxa7 Nc2 28. Nc8 Nb4 29. Nxb6 Nxa2 30. Nd7 1-0

[Event "2016 Banff Open"]
[Site "Banff"]
[Date "2016.11.13"]
[Round "5.4"]
[White "Sequillion, Aaron"]
[Black "Giovannetti, Mark"]
[Result "0-1"]
[WhiteElo "2223"]
[BlackElo "2014"]
[PlyCount "116"]
[EventDate "2016.11.11"]
[EventType "swiss"]
[EventRounds "6"]
[EventCountry "CAN"]

1. e4 c5 2. Nf3 Nc6 3. Nc3 g6 4. d4 cxd4 5. Nxd4 Bg7 6. Be3 Nf6 7. Bc4 Qa5 8.
O-O d6 9. Bb3 O-O 10. h3 Bd7 11. Qd2 Nxd4 12. Qxd4 Bc6 13. Qd3 Nd7 14. Bd4 Nc5
15. Qe3 Bxd4 16. Qxd4 Nxb3 17. axb3 Qc5 18. Qxc5 dxc5 19. Rfd1 a6 20. Nd5 Kg7
21. f3 e6 22. Ne7 Bb5 23. c4 Be8 24. Rd6 Kf6 25. Nd5+ Ke5 26. Nb6 Kxd6 27. Nxa8
Bc6 28. Nb6 Kc7 29. Na4 Bxa4 30. bxa4 Rd8 31. Kh2 Rd2 32. Rb1 Kb6 33. h4 Ka5
34. b3 Kb4 35. Kg3 Kc3 36. Kf4 Kc2 37. Rg1 Kxb3 38. Rb1+ Rb2 39. Rd1 Kxc4 40.
Rd7 f6 41. g4 Rb6 42. Rxh7 Kb3 43. a5 Rb5 44. h5 gxh5 45. gxh5 c4 46. h6 c3 47.
Rc7 Rh5 48. Rxb7+ Kc4 49. Rc7+ Kd3 50. Rd7+ Ke2 51. Rc7 Kd2 52. h7 c2 53. Rd7+
Kc3 54. Rc7+ Kb3 55. Rb7+ Ka4 56. Rc7 Kb3 57. Rb7+ Kc4 58. Rc7+ Rc5 0-1

[Event "2016 Banff Open"]
[Site "Banff"]
[Date "2016.11.13"]
[Round "5.5"]
[White "Kostadinov, Georgi"]
[Black "Dave, Bhavik"]
[Result "1-0"]
[WhiteElo "2096"]
[BlackElo "1929"]
[PlyCount "123"]
[EventDate "2016.11.11"]
[EventType "swiss"]
[EventRounds "6"]
[EventCountry "CAN"]

1. d4 Nf6 2. c4 g6 3. Nc3 d5 4. cxd5 Nxd5 5. e4 Nxc3 6. bxc3 Bg7 7. Qa4+ Bd7 8.
Qa3 O-O 9. Bd3 Re8 10. Bg5 b6 11. Rd1 Bc6 12. Nf3 Nd7 13. O-O Bb7 14. Rfe1 Qc8
15. Bxe7 c5 16. Bg5 Nf6 17. d5 Nd7 18. h3 c4 19. Bc2 Qc5 20. Qb2 Qa5 21. Re3 f6
22. Bf4 Bf8 23. Nd4 Ne5 24. Bg3 Ba3 25. Qb1 Bc5 26. Kh2 Re7 27. a4 Rae8 28. Qb2
Nd3 29. Bxd3 cxd3 30. Qb3 Bxd4 31. d6+ Bd5 32. exd5 Rxe3 33. fxe3 Qxc3 34. Qxc3
Bxc3 35. Rxd3 Bb4 36. e4 Kf7 37. Re3 Bc5 38. Re2 Rd8 39. Rc2 Ke8 40. a5 Kd7 41.
axb6 axb6 42. Ra2 Ke8 43. Ra7 h5 44. Rh7 Rd7 45. Rh8+ Kf7 46. Rc8 Bxd6 47. Bxd6
Rxd6 48. Rc7+ Ke8 49. Kg3 Kd8 50. Ra7 Rd7 51. Ra8+ Ke7 52. Rb8 Rd6 53. Rb7+ Kd8
54. Kf4 Kc8 55. Rg7 g5+ 56. Kf5 b5 57. e5 fxe5 58. Kxe5 Rb6 59. Kd4 b4 60. Kc5
b3 61. Kxb6 b2 62. Kc6 1-0

[Event "2016 Banff Open"]
[Site "Banff"]
[Date "2016.11.13"]
[Round "5.7"]
[White "Goodman, Kevin"]
[Black "Papneja, Arul"]
[Result "1-0"]
[WhiteElo "2005"]
[BlackElo "1316"]
[PlyCount "54"]
[EventDate "2016.11.11"]
[EventType "swiss"]
[EventRounds "6"]
[EventCountry "CAN"]

1. e4 c5 2. Nf3 d6 3. d4 cxd4 4. Nxd4 Nf6 5. Nc3 a6 6. Rg1 e5 7. Nb3 Be6 8. g4
Be7 9. g5 Nfd7 10. Be3 Nc6 11. Be2 Nb6 12. Nd5 Na4 13. Qd2 Nc5 14. f3 Nxb3 15.
axb3 Bxd5 16. exd5 Nd4 17. Bxd4 exd4 18. f4 Qb6 19. O-O-O Rc8 20. Kb1 f6 21.
Qxd4 Qxd4 22. Rxd4 fxg5 23. Bg4 Rc5 24. fxg5 O-O 25. Re4 Bd8 26. Be6+ Kh8 27.
g6 Rf2 1-0

[Event "2016 Banff Open"]
[Site "Banff"]
[Date "2016.11.13"]
[Round "6.3"]
[White "Findlay, Ian"]
[Black "Malek, Omid"]
[Result "1/2-1/2"]
[WhiteElo "2319"]
[BlackElo "2177"]
[PlyCount "66"]
[EventDate "2016.11.11"]
[EventType "swiss"]
[EventRounds "6"]
[EventCountry "CAN"]

1. e4 e6 2. d4 d5 3. Nd2 Nf6 4. e5 Nfd7 5. Bd3 c5 6. c3 Nc6 7. Ne2 a5 8. O-O
Be7 9. f4 cxd4 10. cxd4 Nb6 11. a3 Bd7 12. b3 a4 13. b4 Na7 14. Nc3 Rc8 15. Bb2
O-O 16. Kh1 Qe8 17. Qh5 f5 18. Qe2 h5 19. Rac1 g6 20. Rc2 Kg7 21. Rf3 Rh8 22.
Rc1 Rh6 23. Rcf1 Kh8 24. Rg1 Rh7 25. g3 Rc7 26. Rff1 Rc8 27. Rc1 Rg7 28. h4 Rg8
29. Rc2 Rf8 30. Rgc1 Rg8 31. Kh2 Rf8 32. Kh3 Rg8 33. Rb1 Rg7 1/2-1/2

[Event "2016 Banff Open"]
[Site "Banff"]
[Date "2016.11.13"]
[Round "6.4"]
[White "Goodman, Kevin"]
[Black "Kostadinov, Georgi"]
[Result "0-1"]
[WhiteElo "2005"]
[BlackElo "2096"]
[PlyCount "64"]
[EventDate "2016.11.11"]
[EventType "swiss"]
[EventRounds "6"]
[EventCountry "CAN"]

1. e4 c5 2. Nf3 d6 3. d4 cxd4 4. Nxd4 Nf6 5. Nc3 a6 6. Bc4 e6 7. Bb3 Be7 8. f4
Qc7 9. Qf3 O-O 10. f5 Nc6 11. Nxc6 Qxc6 12. fxe6 fxe6 13. O-O Bd7 14. Be3 b5
15. Qf5 Qc8 16. e5 Kh8 17. Qh3 dxe5 18. Rad1 Nd5 19. Rxf8+ Bxf8 20. Nxd5 exd5
21. Qf3 d4 22. Qf7 Bc5 23. Bh6 Qf8 24. Qxd7 gxh6 25. Qd5 Re8 26. Kh1 e4 27. Qh5
e3 28. Qe2 Qf2 29. Re1 Bb4 30. c3 Qxe2 31. Rxe2 d3 32. Re1 e2 0-1